[Event "2015: The Year Of Bitcoin"]
[Site "SchemingMind.com"]
[Date "2014.12.09"]
[Round "-"]
[White "eun77"]
[Black "frankly"]
[Result "0-1"]
[WhiteCountry "ISR"]
[BlackCountry "ENG"]
[WhiteElo "1264"]
[WhiteRD "56"]
[BlackElo "2421"]
[BlackRD "63"]
[GameID "371008"]

1. Nc3 d5 2. d4 Nf6 3. e3 g6 4. h3 Bg7 5. Nf3 O-O 6. Be2 Nbd7 7. O-O c6 8. Nh2 e5 9. dxe5 Nxe5 10. f4 Ned7
11. Ng4 Re8 12. Nxf6+ Bxf6 13. Bg4 Nb6 14. Bxc8 Nxc8 15. Bd2 Nd6 16. Be1 Nc4 17. Bd2 Nxb2 18. Qc1 Nc4 19. Rb1 d4 20. Nd1 dxe3
21. Bxe3 Nxe3 22. Nxe3 Rxe3 23. Kh1 Qe8 24. Rxb7 Qe4 25. Rb4 Rxh3+ 26. Kg1 Bd4+ 27. Rxd4 Qxd4+
0-1

[Event "2015: The Year Of Bitcoin"]
[Site "SchemingMind.com"]
[Date "2014.12.09"]
[Round "-"]
[White "APB"]
[Black "buddhastalin"]
[Result "1-0"]
[WhiteCountry "ENG"]
[BlackCountry "USA"]
[WhiteElo "1768"]
[WhiteRD "80"]
[BlackElo "1574"]
[BlackRD "86"]
[GameID "371030"]

1. e4 e6 2. d4 d5 3. Nc3 dxe4 4. Nxe4 Bd7 5. Nf3 Bc6 6. Bd3 Nd7 7. O-O Ngf6 8. Ng3 Be7 9. Qe2 O-O 10. c4 Bxf3
11. Qxf3 c6 12. Be3 Qc7 13. Bf4 e5 14. dxe5 Nxe5 15. Bxe5 Qxe5 16. Rae1 Qc7 17. Nf5 Bb4 18. Re2 Rfe8 19. Rxe8+ Rxe8 20. a3 Bf8
21. Nh6+ Kh8 22. b4 Qe7 23. Nf5 Qe5 24. c5 g6 25. Nh4 Bg7 26. g3 Nd5 27. Bc4 f5 28. Rd1 Nf6 29. Bf7 Rf8 30. Bxg6 Qe4
31. Bxf5
1-0

[Event "2015: The Year Of Bitcoin"]
[Site "SchemingMind.com"]
[Date "2014.12.09"]
[Round "-"]
[White "buddhastalin"]
[Black "Derek Price"]
[Result "0-1"]
[WhiteCountry "USA"]
[BlackCountry "ENG"]
[WhiteElo "1569"]
[WhiteRD "101"]
[BlackElo "2332"]
[BlackRD "76"]
[GameID "371031"]

1. e4 c5 2. c3 Nf6 3. e5 Nd5 4. d4 cxd4 5. Nf3 Nc6 6. Bc4 Nb6 7. Bb3 d5 8. exd6 Qxd6 9. O-O Be6 10. Na3 dxc3
11. Qe2 Bxb3 12. Nb5 Qb8 13. axb3 e6 14. g3 Qc8 15. Rd1 Be7 16. Bf4 O-O 17. Nc7 cxb2 18. Qxb2 Bf6 19. Qe2 Bxa1 20. Nxa8 Nd5
21. Rxa1 Nxf4 22. gxf4 Qxa8 23. Rd1 Rd8
0-1

[Event "2015: The Year Of Bitcoin"]
[Site "SchemingMind.com"]
[Date "2014.12.08"]
[Round "-"]
[White "Scooter"]
[Black "buddhastalin"]
[Result "1/2-1/2"]
[WhiteCountry "USA"]
[BlackCountry "USA"]
[WhiteElo "1778"]
[WhiteRD "45"]
[BlackElo "1569"]
[BlackRD "101"]
[GameID "371032"]

1. d4 d6 2. Nf3 c6 3. Bf4 Nf6 4. e3 Bg4 5. Be2 e6 6. h3 Bxf3 7. Bxf3 Nbd7 8. O-O Be7 9. Nd2 e5 10. dxe5 dxe5
11. Bg5 O-O 12. Bxf6 Nxf6 13. Ne4 Nxe4 14. Bxe4 f5 15. Bf3 Qb6 16. Qd7 Bf6 17. Qxf5 Rad8 18. Qe6+ Kh8 19. Qb3 Qc7 20. Rad1 b6
21. c3 c5 22. Rxd8 Rxd8 23. Rd1 Rxd1+ 24. Qxd1 Qd8 25. Qxd8+ Bxd8 26. Bd5 g5 27. Kf1 Kg7 28. Ke2 Kf6 29. g4 h6 30. Kd3 Bc7
31. Kc4 a5 32. a4 Ke7 33. Kb5 Kd6 34. e4 Kd7 35. f3 Bd8 36. b4 axb4 37. cxb4 cxb4 38. Kxb4 Bc7 39. Kb5 Kd6 40. Ka6 Bd8
41. Kb7 Kd7 42. Ka6 Kd6= 43. Kb5 Bc7 44. Kc4 Bd8 45. Kd3 Ke7 46. Bc6 Kf6=
1/2-1/2

[Event "2015: The Year Of Bitcoin"]
[Site "SchemingMind.com"]
[Date "2014.12.09"]
[Round "-"]
[White "buddhastalin"]
[Black "Greg Magne"]
[Result "0-1"]
[WhiteCountry "USA"]
[BlackCountry "CAN"]
[WhiteElo "1569"]
[WhiteRD "101"]
[BlackElo "1921"]
[BlackRD "70"]
[GameID "371033"]

1. e4 c5 2. c3 b6 3. d4 cxd4 4. cxd4 Bb7 5. Nc3 Nf6 6. Bd3 d5 7. Qe2 dxe4 8. Nxe4 Qxd4 9. Nxf6+ Qxf6 10. f3 Nc6
11. Nh3 h6 12. Nf4 O-O-O 13. Bd2 e5 14. Nh3 Nb4 15. Rc1+ Kb8 16. Bxb4 Bxb4+ 17. Kf1 e4 18. Bxe4 Rhe8 19. Nf2 Bc5 20. Qc2 Rc8
21. Bxb7 Kxb7 22. Qb1 Qe6 23. Ne4 f5 24. Nxc5+ Rxc5 25. Rxc5 Qe2+ 26. Kg1 Qe3+ 27. Kf1 Qxc5 28. Qd1 Qc4+ 29. Kg1 Re2 30. b3 Qc5+
0-1

[Event "2015: The Year Of Bitcoin"]
[Site "SchemingMind.com"]
[Date "2014.12.09"]
[Round "-"]
[White "pcmvr"]
[Black "buddhastalin"]
[Result "1-0"]
[WhiteCountry "NED"]
[BlackCountry "USA"]
[WhiteElo "2373"]
[WhiteRD "147"]
[BlackElo "1619"]
[BlackRD "92"]
[GameID "371034"]

1. b4 d6 2. Bb2 e5 3. c4 Nf6 4. Nc3 Nbd7 5. Nf3 c6 6. Qc2 Be7 7. e3 Qc7 8. Be2 O-O 9. O-O Re8 10. h3 Nf8
11. d4 Ng6 12. Rad1 h6 13. Rd2 Nh7 14. Bd3 f5 15. Bxf5 Bxf5 16. Qxf5 Nh4 17. Nxh4 Bxh4 18. Ne4 Rf8 19. Qe6+ Kh8 20. dxe5 dxe5
21. Rd7 Qb6 22. Qg6 Rg8 23. Bxe5
1-0

[Event "2015: The Year Of Bitcoin"]
[Site "SchemingMind.com"]
[Date "2014.12.11"]
[Round "-"]
[White "Eric111"]
[Black "buddhastalin"]
[Result "0-1"]
[WhiteCountry "USA"]
[BlackCountry "USA"]
[WhiteElo "1468"]
[WhiteRD "48"]
[BlackElo "1492"]
[BlackRD "109"]
[GameID "371035"]

1. d4 d6 2. e4 Nf6 3. Nc3 c6 4. f4 Qa5 5. Bd2 e5 6. Nf3 exd4 7. Nxd4 Qb6 8. Nb3 Be7 9. h3 a5 10. a4 O-O
11. Qf3 Na6 12. O-O-O Be6 13. Be3 Qc7 14. Nd4 Nc5 15. Nxe6 fxe6 16. g4 d5 17. e5 Nfe4 18. Bd2 Nxc3 19. Bxc3 Ne4 20. b3 Bc5
21. Bb2 Nf2 22. Bd4 Bxd4 23. Rxd4 Nxh1 24. Qxh1 c5 25. Rd2 Rxf4 26. Bd3 Raf8 27. Kb2 c4 28. Be2 c3+
0-1

[Event "2015: The Year Of Bitcoin"]
[Site "SchemingMind.com"]
[Date "2014.12.09"]
[Round "-"]
[White "buddhastalin"]
[Black "abdre1"]
[Result "1-0"]
[WhiteCountry "USA"]
[BlackCountry "USA"]
[WhiteElo "1634"]
[WhiteRD "81"]
[BlackElo "1570"]
[BlackRD "114"]
[GameID "371038"]

1. e4 c5 2. c3 e5 3. d4 Nc6 4. Nf3 cxd4 5. cxd4 Nxd4 6. Nxd4 exd4 7. Qxd4 b6 8. Bc4 d6 9. Nc3 Qf6 10. Qe3 Bb7
11. O-O g6 12. Nd5 Bxd5 13. Bxd5 Ne7 14. Bxa8 Bg7 15. Rb1 O-O 16. Bd5 Nxd5 17. exd5 Qf5 18. Bd2 Qxd5 19. Bc3 Bxc3 20. bxc3 Qa5
21. Qd2 Qc5 22. Rfe1 Kg7 23. Qe3 Qc6 24. Qd4+ f6 25. Re7+ Rf7 26. Rxf7+ Kxf7 27. c4 Qa4 28. Qxd6 Qxa2 29. Re1 Kg7 30. Qe7+ Kh6
31. Qe2 Qa3 32. Qe3+
1-0

[Event "2015: The Year Of Bitcoin"]
[Site "SchemingMind.com"]
[Date "2014.12.09"]
[Round "-"]
[White "eun77"]
[Black "buddhastalin"]
[Result "0-1"]
[WhiteCountry "ISR"]
[BlackCountry "USA"]
[WhiteElo "1264"]
[WhiteRD "56"]
[BlackElo "1634"]
[BlackRD "81"]
[GameID "371039"]

1. e4 e6 2. d3 d5 3. exd5 exd5 4. h3 Nc6 5. Nf3 Bd6 6. Be2 Nge7 7. O-O Bf5 8. Nh2 Qd7 9. Bg4 O-O-O 10. Bxf5 Nxf5
11. c3 f6 12. d4 g5 13. f3 h5 14. Nd2 Ne3 15. Qe2 Rde8 16. Rf2 Nc2 17. Qd1 Nxa1 18. b3 Qf5 19. Ndf1 Nc2 20. Qxc2 Qd7
21. Qd2 g4 22. fxg4 hxg4
0-1

[Event "2015: The Year Of Bitcoin"]
[Site "SchemingMind.com"]
[Date "2014.12.09"]
[Round "-"]
[White "buddhastalin"]
[Black "Simon Green"]
[Result "1/2-1/2"]
[WhiteCountry "USA"]
[BlackCountry "ENG"]
[WhiteElo "1492"]
[WhiteRD "109"]
[BlackElo "1649"]
[BlackRD "54"]
[GameID "371040"]

1. e4 e6 2. d4 d5 3. e5 c5 4. c3 c4 5. b3 b5 6. bxc4 bxc4 7. Ba3 Bxa3 8. Nxa3 Ne7 9. Nb5 O-O 10. Nd6 Nf5
11. Nxf5 exf5 12. Nf3 Nc6 13. Be2 Be6 14. O-O Ne7 15. Qa4 Qc7 16. Rab1 h6 17. Rb2 Rfb8 18. Rfb1 Rxb2 19. Rxb2 Rb8 20. Qc2 Rxb2
21. Qxb2 Qb6 22. Qxb6 axb6 23. Ne1 b5 24. Nc2 Nc6 25. Bd1 Bd7 26. Kf1 g6 27. f4 Kg7 28. Ke1 f6 29. a3 g5 30. g3 g4
31. Nb4 Nxb4 32. exf6+ Kxf6 33. axb4 h5=
1/2-1/2

[Event "2015: The Year Of Bitcoin"]
[Site "SchemingMind.com"]
[Date "2014.12.09"]
[Round "-"]
[White "frankly"]
[Black "buddhastalin"]
[Result "1-0"]
[WhiteCountry "ENG"]
[BlackCountry "USA"]
[WhiteElo "2408"]
[WhiteRD "65"]
[BlackElo "1569"]
[BlackRD "101"]
[GameID "371041"]

1. d4 d6 2. e4 Nf6 3. Nc3 c6 4. Nf3 Bg4 5. h3 Bh5 6. Bd3 Nbd7 7. Be3 Qc7 8. g4 Bg6 9. g5 Nh5 10. Nh4 e5
11. Be2 Nf4 12. Bxf4 exf4 13. Qd2 O-O-O 14. Nxg6 hxg6 15. Qxf4 f5 16. d5 c5 17. exf5 gxf5 18. Qxf5 Kb8 19. O-O-O Ne5 20. f4 Nd7
21. Rhe1 Be7 22. Bg4 Rhf8 23. Qg6 Rg8 24. Rxe7
1-0

[Event "2015: The Year Of Bitcoin"]
[Site "SchemingMind.com"]
[Date "2014.12.09"]
[Round "-"]
[White "murmac"]
[Black "APB"]
[Result "0-1"]
[WhiteCountry "SCO"]
[BlackCountry "ENG"]
[WhiteElo "1022"]
[WhiteRD "85"]
[BlackElo "1729"]
[BlackRD "78"]
[GameID "371134"]

1. d4 Nf6 2. Nc3 d5 3. b3 Nc6 4. Nf3 Bf5 5. e3 Nb4 6. Bb5+ c6 7. Bd3 Nxd3+ 8. Ke2 Nb4 9. Re1 Nxc2 10. Bb2 Nxe1
0-1

[Event "2015: The Year Of Bitcoin"]
[Site "SchemingMind.com"]
[Date "2014.12.10"]
[Round "-"]
[White "murmac"]
[Black "Derek Price"]
[Result "0-1"]
[WhiteCountry "SCO"]
[BlackCountry "ENG"]
[WhiteElo "1022"]
[WhiteRD "85"]
[BlackElo "2331"]
[BlackRD "73"]
[GameID "371137"]

1. e4 c5 2. Nf3 d6 3. d4 cxd4 4. Nxd4 Nf6 5. Nc3 a6 6. Bg5 e6 7. Bc4 Be7 8. Qf3 Nbd7 9. O-O-O Ne5 10. Qe2 Nxc4
11. Qxc4 Bd7 12. Nf3 Rc8
0-1

[Event "2015: The Year Of Bitcoin"]
[Site "SchemingMind.com"]
[Date "2014.12.10"]
[Round "-"]
[White "murmac"]
[Black "Eric111"]
[Result "0-1"]
[WhiteCountry "SCO"]
[BlackCountry "USA"]
[WhiteElo "1022"]
[WhiteRD "85"]
[BlackElo "1468"]
[BlackRD "48"]
[GameID "371138"]

1. e4 c5 2. Nf3 Nc6 3. Bc4 d6 4. Nc3 Nf6 5. d3 g6 6. Bg5 Bg7 7. Qd2 O-O 8. O-O-O Nb4 9. h3 a6 10. g4 b5
11. Bb3 Bd7 12. Nd5 Nbxd5
0-1

[Event "2015: The Year Of Bitcoin"]
[Site "SchemingMind.com"]
[Date "2014.12.10"]
[Round "-"]
[White "Scooter"]
[Black "murmac"]
[Result "1-0"]
[WhiteCountry "USA"]
[BlackCountry "SCO"]
[WhiteElo "1759"]
[WhiteRD "48"]
[BlackElo "1022"]
[BlackRD "85"]
[GameID "371142"]

1. d4 e6 2. Nf3 d5 3. Bf4 Nc6 4. e3 Nf6 5. Bb5 Bd7 6. O-O Bd6 7. Bxd6 cxd6 8. c3 O-O 9. Nbd2 a6 10. Bxc6 Bxc6
11. c4
1-0

[Event "2015: The Year Of Bitcoin"]
[Site "SchemingMind.com"]
[Date "2014.12.10"]
[Round "-"]
[White "frankly"]
[Black "murmac"]
[Result "1-0"]
[WhiteCountry "ENG"]
[BlackCountry "SCO"]
[WhiteElo "2403"]
[WhiteRD "62"]
[BlackElo "1022"]
[BlackRD "85"]
[GameID "371146"]

1. d4 Nf6 2. c4 d5 3. Nf3 Nc6 4. Nc3 Bf5 5. Nh4 e6 6. Nxf5 Qd7 7. cxd5 exd5 8. Ne3 Bd6 9. Nexd5 Qf5 10. Ne3 O-O-O
11. Nxf5
1-0

[Event "2015: The Year Of Bitcoin"]
[Site "SchemingMind.com"]
[Date "2014.12.13"]
[Round "-"]
[White "Greg Magne"]
[Black "pmdpsp"]
[Result "1-0"]
[WhiteCountry "CAN"]
[BlackCountry "GER"]
[WhiteElo "1921"]
[WhiteRD "70"]
[BlackElo "1813"]
[BlackRD "82"]
[GameID "371155"]

1. d4 g6 2. e4 Bg7 3. c4 d6 4. f4 e5 5. fxe5 dxe5 6. d5 c6 7. Nc3 Nf6 8. Bg5 O-O 9. Nf3 Qd6 10. Be2 Nbd7
11. O-O h6 12. Bd2 Nc5 13. Qc2 Re8 14. b4 Na6 15. a3 cxd5 16. cxd5 Nc7 17. Rac1 Bd7 18. Bd3 Qb6+ 19. Kh1 Ng4 20. Nd1 Bb5
21. a4 Bxd3 22. Qxd3 a6 23. Bc3 h5 24. h3 Nh6 25. Ne3 Qd6 26. Nc4 Qf8 27. d6 Rad8 28. Bxe5 b5 29. Bxg7 Qxg7 30. Nb6 Na8
31. Nxa8 Rxa8 32. axb5 axb5 33. e5 Rab8 34. Rc5 Nf5 35. Kh2 Qf8 36. Rxb5 Rxb5 37. Qxb5 Rb8 38. Qc5 Rc8 39. Qb5 Ne3 40. Re1 Nc2
41. Re2 Rb8 42. Qc4 Nxb4 43. Rb2 Na6 44. Rxb8 Nxb8 45. Ng5 Qe8 46. Nxf7 Qxf7 47. e6 Qe8 48. d7 Qd8 49. e7+ Kg7 50. exd8=Q Nxd7
51. Qxd7+
1-0

[Event "2015: The Year Of Bitcoin"]
[Site "SchemingMind.com"]
[Date "2014.12.10"]
[Round "-"]
[White "pmdpsp"]
[Black "pcmvr"]
[Result "0-1"]
[WhiteCountry "GER"]
[BlackCountry "NED"]
[WhiteElo "1744"]
[WhiteRD "81"]
[BlackElo "2457"]
[BlackRD "117"]
[GameID "371156"]

1. e4 e6 2. d4 d5 3. Nc3 Bb4 4. e5 Qd7 5. Bd2 b6 6. a3 Bf8 7. Bb5 c6 8. Bd3 c5 9. Bb5 Nc6 10. Nf3 a6
11. Bxc6 Qxc6 12. O-O Ne7 13. Na2 Nf5 14. c3 a5 15. Re1 h6 16. Nc1 Be7 17. g4 Nh4 18. Nd3 Ba6 19. Nf4 Nxf3+ 20. Qxf3 O-O
21. Nh5 Qb5 22. Bc1 cxd4 23. cxd4 Rac8 24. b4 Qd3 25. Qxd3 Bxd3 26. bxa5 bxa5 27. Bd2 Rc4 28. Bxa5 Rxd4 29. h3 Rb8 30. Ng3 Rb3
31. a4 Bc5 32. Ne2 Bxe2 33. Rxe2 Rxh3 34. Kg2 Ra3 35. Rea2 Rxg4+ 36. Kf1 Rgxa4 37. Rxa3 Rxa3
0-1

[Event "2015: The Year Of Bitcoin"]
[Site "SchemingMind.com"]
[Date "2014.12.10"]
[Round "-"]
[White "APB"]
[Black "pmdpsp"]
[Result "0-1"]
[WhiteCountry "ENG"]
[BlackCountry "GER"]
[WhiteElo "1749"]
[WhiteRD "77"]
[BlackElo "1813"]
[BlackRD "82"]
[GameID "371157"]

1. e4 e5 2. Nf3 Nc6 3. Bc4 h6 4. d4 exd4 5. Nxd4 Qf6 6. Nb5 Bc5 7. O-O Bb6 8. Be3 Ba5 9. c3 a6 10. Nd4 Nge7
11. b4 Bb6 12. Nxc6 Qxc6 13. Nd2 Bxe3 14. fxe3 O-O 15. Qh5 Qg6 16. Qc5 Nc6 17. Qf5 Ne7 18. Qe5 Nc6 19. Qxc7 d6 20. Rf3 Ne5
21. Rg3 Qh5 22. Bb3 Ng4 23. Rh3 Qg5 24. Qxd6 Rd8 25. Nf3 Qxe3+
0-1

[Event "2015: The Year Of Bitcoin"]
[Site "SchemingMind.com"]
[Date "2014.12.10"]
[Round "-"]
[White "pmdpsp"]
[Black "Derek Price"]
[Result "0-1"]
[WhiteCountry "GER"]
[BlackCountry "ENG"]
[WhiteElo "1844"]
[WhiteRD "88"]
[BlackElo "2331"]
[BlackRD "73"]
[GameID "371158"]

1. c4 e5 2. Nc3 Nf6 3. e3 Nc6 4. Nf3 Be7 5. d4 exd4 6. Nxd4 O-O 7. Be2 Re8 8. O-O Bf8 9. b3 Ne5 10. Qc2 c6
11. Bb2 d5 12. cxd5 cxd5 13. Rfd1 Bd7 14. Rac1 Rc8 15. Qd2 Bb4 16. a3 Ne4 17. Qe1 Nxc3 18. Bxc3 Bxa3 19. Ra1 Bc5 20. Bb5 Bxd4
21. Bxd4 Bxb5 22. Rxa7 Ba6 23. Rc1 Nf3+ 24. gxf3 Qg5+ 25. Kh1 Be2 26. Qxe2 Rxc1+ 27. Qd1 Rxd1#
0-1

[Event "2015: The Year Of Bitcoin"]
[Site "SchemingMind.com"]
[Date "2014.12.10"]
[Round "-"]
[White "pmdpsp"]
[Black "Eric111"]
[Result "1-0"]
[WhiteCountry "GER"]
[BlackCountry "USA"]
[WhiteElo "1844"]
[WhiteRD "88"]
[BlackElo "1468"]
[BlackRD "48"]
[GameID "371159"]

1. c4 Nf6 2. Nc3 g6 3. d4 d5 4. Bg5 dxc4 5. e4 Bg7 6. Bxc4 O-O 7. e5 Ne8 8. f4 a6 9. Nf3 b5 10. Bb3 Qd7
11. O-O e6 12. Qe2 Bb7 13. Rfd1 Bxf3 14. Qxf3 Qc6 15. d5 exd5 16. Nxd5 Qc5+ 17. Kh1 c6 18. Rac1 Qa7 19. Ne7+ Kh8 20. f5 gxf5
21. Qxf5
1-0

[Event "2015: The Year Of Bitcoin"]
[Site "SchemingMind.com"]
[Date "2014.12.10"]
[Round "-"]
[White "pmdpsp"]
[Black "murmac"]
[Result "1-0"]
[WhiteCountry "GER"]
[BlackCountry "SCO"]
[WhiteElo "1844"]
[WhiteRD "88"]
[BlackElo "1022"]
[BlackRD "85"]
[GameID "371160"]

1. e4 e5 2. Nf3 Nc6 3. Bb5 Nf6 4. d3 Bc5 5. O-O O-O 6. c3 Bb6 7. Bxc6 dxc6 8. Nxe5 Be6 9. d4 c5= 10. Bg5 cxd4
11. Nd3 c5 12. e5 dxc3 13. Nxc3 Qd4 14. exf6 g6 15. Qf3 Bg4 16. Qg3 Rfe8 17. Qh4 Rad8 18. Qh6
1-0

[Event "2015: The Year Of Bitcoin"]
[Site "SchemingMind.com"]
[Date "2014.12.14"]
[Round "-"]
[White "smothered mate"]
[Black "pmdpsp"]
[Result "0-1"]
[WhiteCountry "POL"]
[BlackCountry "GER"]
[WhiteElo "1823"]
[WhiteRD "66"]
[BlackElo "1744"]
[BlackRD "81"]
[GameID "371161"]

1. e4 e5 2. Nf3 Nc6 3. Bb5 d6 4. d4 Bd7 5. Nc3 a6 6. Bxc6 Bxc6 7. dxe5 dxe5 8. Qxd8+ Rxd8 9. Nxe5 Ne7 10. Be3 f6
11. Nxc6 Nxc6 12. Nd5 Bd6 13. O-O O-O 14. c4 Ne5 15. c5 c6 16. cxd6 cxd5 17. Rad1 dxe4 18. Rd4 f5 19. Bg5 Rd7 20. Rfd1 h6
21. Rd5 Nd3 22. Be7 Rf7 23. Rd2 Nb4 24. Ra5 Nc6 25. Rad5 Nxe7 26. dxe7 Rdxe7 27. g3 g5 28. Rd6 Kg7 29. Rb6 Rf6 30. Rdd6 Rxd6
31. Rxd6 h5 32. Kf1 Rc7 33. Ke2 Rc2+ 34. Ke3 Rxb2 35. Rd5 Kf6 36. a4 Ke6 37. Rd4 Ke5 38. f4+ exf3 39. Rd8 f2 40. Re8+ Kd6
41. Rd8+ Kc7 42. Rd1 h4 43. gxh4 gxh4 44. Kf4 Re2 45. Rf1 Ra2 46. Kf3 Rxa4 47. Rxf2 b5 48. Rc2+ Rc4
0-1

[Event "2015: The Year Of Bitcoin"]
[Site "SchemingMind.com"]
[Date "2014.12.11"]
[Round "-"]
[White "pmdpsp"]
[Black "emvarela"]
[Result "0-1"]
[WhiteCountry "GER"]
[BlackCountry "ARG"]
[WhiteElo "1736"]
[WhiteRD "77"]
[BlackElo "1740"]
[BlackRD "48"]
[GameID "371162"]

1. d4 Nf6 2. Nc3 d5 3. Bf4 e6 4. e3 Bd6 5. Bg3 Bxg3 6. hxg3 Bd7 7. Nf3 Qe7 8. Bd3 a6 9. Qe2 O-O 10. O-O-O h6
11. Rh2 c5 12. dxc5 Qxc5 13. Nd4 Nc6 14. Nxc6 Bxc6 15. g4 e5 16. Bf5 d4 17. g5 hxg5 18. Bh7+ Nxh7 19. Rdh1 dxc3 20. Rxh7 cxb2+
21. Kb1 g6 22. Qg4 Ba4 23. Qxa4 Rad8 24. Rh8+ Kg7 25. Rxf8 Rxf8 26. Rd1 Rc8 27. Rd7 Rc7 28. Rd3 b5 29. Qb3 Qc6 30. f3 g4
31. e4 gxf3 32. gxf3 Qc4 33. Kxb2 Qxb3+ 34. axb3 Rc6 35. b4 f5 36. c3 Kf6 37. Kc2 fxe4 38. fxe4 g5 39. Kd2 Kg6 40. Ke2 g4
41. Kf2 Kg5 42. Kg2 Kf4 43. Rg3 Rc4 44. Rd3 Rxe4 45. Rd6 Re2+ 46. Kf1 Ra2 47. Rf6+ Ke3 48. Rg6 Kf3 49. Ke1 g3 50. Rg5 g2
51. Rxe5 g1=Q#
0-1

[Event "2015: The Year Of Bitcoin"]
[Site "SchemingMind.com"]
[Date "2014.12.10"]
[Round "-"]
[White "abdre1"]
[Black "pmdpsp"]
[Result "0-1"]
[WhiteCountry "USA"]
[BlackCountry "GER"]
[WhiteElo "1512"]
[WhiteRD "105"]
[BlackElo "1780"]
[BlackRD "75"]
[GameID "371163"]

1. d4 g6 2. Nf3 Bg7 3. e3 Nf6 4. Bd3 b6 5. O-O Bb7 6. Nbd2 d6 7. b3 O-O 8. Bb2 Nbd7 9. Re1 c5 10. c4 cxd4
11. exd4 Rc8 12. Rc1 d5 13. g3 e6 14. Ne5 Nxe5 15. dxe5 Nd7 16. Nf3 Qe7 17. cxd5 Bxd5 18. Be4 Bxe4 19. Rxe4 Nc5 20. Ba3 Rfd8
21. Rd4 Rxd4 22. Qxd4 Rd8 23. Qc4 Rd5 24. Bxc5 Rxc5 25. Qf4 Qf8 26. Rxc5 Qxc5 27. Ng5 Qc7 28. Qc4 Qxc4 29. bxc4 Bxe5 30. Nf3 Bd6
31. Nd4 e5 32. Nc6 a5 33. c5 Bxc5 34. Nxe5 b5 35. Nd3 Bd4 36. Nc1 a4 37. Nd3 Bc3 38. Kf1 b4 39. Nc1 f5 40. Ke2 Bb2
41. Kd2 Kf7 42. f4 Ke6 43. Kc2 Bxc1 44. Kxc1 Kd5 45. Kb2 Kd4 46. a3 bxa3+ 47. Kxa3 Ke3 48. Kxa4 Kf3 49. Kb4 Kg2 50. Kc4 Kxh2
51. Kd4 Kxg3 52. Ke5 h5 53. Kf6 Kxf4 54. Kxg6 h4
0-1

[Event "2015: The Year Of Bitcoin"]
[Site "SchemingMind.com"]
[Date "2014.12.10"]
[Round "-"]
[White "Scooter"]
[Black "pmdpsp"]
[Result "0-1"]
[WhiteCountry "USA"]
[BlackCountry "GER"]
[WhiteElo "1778"]
[WhiteRD "45"]
[BlackElo "1813"]
[BlackRD "82"]
[GameID "371164"]

1. d4 g6 2. Nf3 Bg7 3. Bf4 Nf6 4. e3 O-O 5. Be2 d6 6. O-O b6 7. h3 Bb7 8. Nbd2 c5 9. c3 Nbd7 10. Rc1 e5
11. dxe5 dxe5 12. Bxe5 Nxe5 13. Nxe5 Qc7 14. Ndf3 Rad8 15. Qc2 Bxf3 16. Nxf3 Rd6 17. Rcd1 Rfd8 18. Rxd6 Rxd6 19. Rd1 Nd7 20. Rxd6 Qxd6
21. Qd3 Qc7 22. Qc4 Ne5 23. Nxe5 Bxe5 24. Bf3 Qd7 25. Qd5 Bd6 26. c4 h5 27. Qg5 Kh7 28. b3 Be7 29. Qf4 Bd8 30. Qe4 Qd2
31. Qd5 Qe1+ 32. Kh2 Bc7+ 33. g3 Qxf2+ 34. Kh1 Kg7 35. Bg2 Qxg3 36. Kg1 Qxe3+
0-1

[Event "2015: The Year Of Bitcoin"]
[Site "SchemingMind.com"]
[Date "2014.12.10"]
[Round "-"]
[White "buddhastalin"]
[Black "pmdpsp"]
[Result "0-1"]
[WhiteCountry "USA"]
[BlackCountry "GER"]
[WhiteElo "1569"]
[WhiteRD "101"]
[BlackElo "1813"]
[BlackRD "82"]
[GameID "371165"]

1. e4 g6 2. d4 Bg7 3. f4 d6 4. Nf3 e6 5. Nc3 Ne7 6. Be3 O-O 7. Qd2 Nd7 8. O-O-O a5 9. g4 c6 10. h4 f5
11. g5 fxe4 12. Nxe4 Nf5 13. Bf2 d5 14. Ng3 b6 15. h5 Bb7 16. hxg6 hxg6 17. Nxf5 exf5 18. Be3 c5 19. Qh2 c4 20. Nh4 Qe8
21. Re1 Qf7 22. Nxf5 Qxf5 23. Qh7+ Kf7 24. Bh3 Qe4 25. Bd2 Rh8 26. Qxh8 Rxh8
0-1

[Event "2015: The Year Of Bitcoin"]
[Site "SchemingMind.com"]
[Date "2014.12.11"]
[Round "-"]
[White "pmdpsp"]
[Black "eun77"]
[Result "1-0"]
[WhiteCountry "GER"]
[BlackCountry "ISR"]
[WhiteElo "1744"]
[WhiteRD "81"]
[BlackElo "1264"]
[BlackRD "56"]
[GameID "371166"]

1. e4 e5 2. Nf3 d6 3. Bc4 h6 4. Nc3 c6 5. d4 Be7 6. Be3 Nf6 7. Qd2 exd4 8. Nxd4 O-O 9. O-O-O Nh7 10. Kb1 Bg5
11. f4 Be7 12. Rdg1 Bf6 13. g4 Bxd4 14. Bxd4 b5 15. Bd3 Ba6 16. g5 b4 17. gxh6 g6 18. f5 bxc3 19. Qxc3 Bxd3 20. fxg6 Bxe4
21. gxh7+ Kxh7 22. Rg7+
1-0

[Event "2015: The Year Of Bitcoin"]
[Site "SchemingMind.com"]
[Date "2014.12.10"]
[Round "-"]
[White "pmdpsp"]
[Black "Simon Green"]
[Result "1-0"]
[WhiteCountry "GER"]
[BlackCountry "ENG"]
[WhiteElo "1844"]
[WhiteRD "88"]
[BlackElo "1649"]
[BlackRD "54"]
[GameID "371167"]

1. d4 e6 2. e4 d5 3. e5 c5 4. c3 c4 5. Be2 Nc6 6. Nf3 Nge7 7. O-O Bd7 8. b3 b5 9. Bg5 h6 10. Bh4 Qc7
11. h3 Ng6 12. Bg3 Be7 13. Nh2 O-O 14. Qd2 f5 15. exf6 Bd6 16. fxg7 Kxg7 17. Ng4 Bxg3 18. Qxh6+
1-0

[Event "2015: The Year Of Bitcoin"]
[Site "SchemingMind.com"]
[Date "2014.12.10"]
[Round "-"]
[White "frankly"]
[Black "pmdpsp"]
[Result "1-0"]
[WhiteCountry "ENG"]
[BlackCountry "GER"]
[WhiteElo "2403"]
[WhiteRD "62"]
[BlackElo "1844"]
[BlackRD "88"]
[GameID "371168"]

1. d4 d5 2. c4 Nf6 3. Nf3 e6 4. Nc3 Bb4 5. e3 O-O 6. Bd3 c5 7. O-O cxd4 8. exd4 Nc6 9. h3 b6 10. cxd5 Nxd5
11. Qc2 f5 12. Re1 Be7 13. Bc4 Nc7 14. Bf4 Bf6 15. Rad1 Nb4 16. Qxf5 Bxd4 17. Rxd4 Rxf5 18. Rxd8+ Rf8 19. Rxf8+ Kxf8 20. Bxc7
1-0